000 00237nam a2200097Ia 4500
001 709189
005 20250826162542.0
008 250824s9999 xx 000 0 und d
245 0 _aTATİLDE
_cDURAN ÇETİN
260 _bATLIKARINCA YAYINLARI
999 _c709189
_d709189